• 首页
  • 本馆介绍
  • 公告通知
  • 最新文献
  • 馆藏检索
  • 电子资源
  • 读者导购
  • 参考咨询
  • 我的图书馆
  • 登录
  • 详细信息显示
  • 放入我的书架
  • 预约/预借图书
  • 作者相关作品
  • 分类相关作品
  • 丛书相关作品
  • 出版社相关作品

书目信息

  • 表格格式
  • 工作单格式
  • 卡片格式
题名:
晶体管黑白电视机修理
    
 
作者: 贺尚武 编著
分册:  
出版信息: 北京   人民邮电出版社  1982
页数: 366页
开本: 19cm
丛书名: 无线电爱好者丛书
单 册:
中图分类: TN949.11 , TN949.8
科图分类:
主题词: 黑白电视-电视接收机--维修 , 电视接收机-黑白电视--维修 , 电视--传真通信
电子资源:
ISBN:
000 00875nam2 2200301 45
001 0182006555
005 20040518153522.0
010    @dCNY0.91
091    @a15045.2608-无6193
100    @a19950623d1982 em y0chiy0121 ea
101 0  @achi
102    @aCN@b110000
105    @ay z 000yy
106    @ar
200 10 @a晶体管黑白电视机修理@Ajing ti guan hei bai dian shi ji xiu li@f贺尚武等编著@FHe Shang Wu Deng Bian Zhu
210    @a北京@c人民邮电出版社@d1982
215    @a366页@d19cm
225 2  @a无线电爱好者丛书
410  0 @120010@a无线电爱好者丛书
606    @a黑白电视-电视接收机@x维修
606    @a电视接收机-黑白电视@x维修
606 0  @a电视@x传真通信
690    @aTN949.11@v3 
690    @aTN949.8
701  0 @a贺尚武@Ahe shang wu@4编著
801  0 @aCN@b上海图书馆@c20040518
801  2 @aCN@bNLC@c20040518
905    @f2@b81523-524@dTN949.8@e31
    
    晶体管黑白电视机修理/贺尚武等编著.-北京:人民邮电出版社,1982
    366页;19cm.-(无线电爱好者丛书)
    
    
    ISBN :CNY0.91
    
●
相关链接 在E读中查询图书 在五车中查询图书 在当当中查询图书 在豆瓣中查询图书


正题名:晶体管黑白电视机修理     索取号:TN949.8/31         预约/预借

序号 登录号 条形码 馆藏地/架位号 状态 备注
1 0081523   001325596   第三借阅区/ [索取号:TN949.8/31] 在馆    
2 0081524   001325550   第二样本阅览室/ [索取号:TN949.8/31] 在馆    
唐山师范学院图书馆 欢迎您!
大连网信软件有限公司© 版权所有